000 00771nam a2200229Ia 4500
003 OSt
005 20250926163918.0
008 210716s2019 xx 000 0 und d
020 _a9789352138111
040 _cAIMIT LIBRARY
041 _aeng
082 _a005.768
_21
_bWILC
100 _aWike, Claus O.
_9240701
245 _aFundamentals of data visualization :
_bprimer on making informative and compelling figres /
_cBy Claus O Wilke.
250 _a1st ed.
260 _aMumbai :
_bShroff Publications and Distributers Pvt Ltd ,
_c2019.
300 _axvi,370p. ;
_bPB
_c23.5 cm
650 _aFrom datato visualization
_9240702
650 _aPrinciples of figure design
_9240703
650 _aMiscellaneous topics
_9240704
942 _2ddc
_cBK
_e1st
_k005.768 WILC
999 _c197110
_d197110